000 00389nam a22001337a 4500
999 _c508774
_d508774
082 _aY4 F76
100 _aForest Research Institute
_94261
245 _aPhotogallery
_cForest Research Institute
260 _aDehradun
_bForest Research Institute
_c2009
300 _a58p.
650 _aForests and forestry -- India.
_99164
650 _aForests and forestry
_99165
650 _aIndia.
_99166